000 00490nam a2200217Ia 4500
003 OSt
005 20230516133928.0
008 210210b1915 xxu||||| |||| 00| 0 eng d
040 _cAL
041 _aLatin
082 _a430/8
100 _aCICERO
_9105219
245 _aCicero pro milone
260 _aLondon
_bMacmillan & Co. Ltd.
_c1915
300 _a136
650 _apro
_9105220
650 _amilone
_9105221
650 _aCicero
_9105222
906 _a006150
942 _2ddc
_cBK
999 _c128241
_d128241